000 00836nam a2200217Ii 4500
003 JO-AjNU
008 230605s9999||||xx |||||||||||||| ||und||
017 _a2003/11/2370
040 _aJO-AjNU
_bara
_erda
_cJO-AjNU
041 _aara
050 1 4 _aBP189.R3222 2004
100 3 _aتاليف الردايدة، أحمد حسن شحادة,
_eauthor
_956907
245 0 0 _aصفحات مطوية في التصوف الاسلامي الشريف السني الحسني الشيخ أحمد بن مصطفى بن عليوه(العلاوي)
250 _aط1
264 3 1 _aاربد- الاردن: المؤلف، 2004
300 _a444ص
336 _atext
_btxt
_2rdacontent
337 _aunmediated
_bn
_2rdamedia
338 _avolume
_bnc
_2rdacarrier
650 4 _aالتصوف الاسلامي - الصوفيون - الاسلام
_956908
999 _aA25470
_c29038
_d29038